02087 2200637 4500001002100000005001500021035002500036020003200061020003200093020003200125020003200157020003200189020003200221040001700253041000800270082001600278084001800294090002200312090002000334090002200354090002200376090002200398090002200420090002200442090002200464100003200486245010700518250002600625260003900651300002100690500001100711505012900722600005300851600005300904600001700957600003600974600002401010600002101034650004101055850001201096008004101108504002501149700003501174990002201209990001801231990002201249990001801271990001801289990001801307990001801325990001801343990002201361990002201383990002201405990002201427INLIS00000000002982020200316091124 a0010-081700000000026 a978-602-7874-94-7 (Jilid 1) a978-602-7874-94-7 (Jilid 2) a978-602-7874-96-1 (Jilid 3) a978-602-7874-97-8 (Jilid 4) a978-602-7874-98-5 (Jilid 5) a978-602-7874-99-2 (Jilid 6) aYOPDYOGbind0 aind04223a923.103 a923.103 TAU e aDEP 923.103 TAU e aR 923.103 TAU e aCB-D.11 2016-2299 aCB-D.11 2016-2303 aCB-D.11 2016-2470 aCB-D.11 2016-2469 aCB-D.11 2016-2468 aCB-D.11 2016-24670 aTaufik Adi Susiloepenyusun1 aEnsiklopedi presiden Republik Indonesia /cpenyusun, Taufik Adi Susilo; penyunting, Absul Qodir Shaleh aCetakan pertama, 2016 aYogyakarta :bAr-Ruzz Media,c2016 a6 jilid ;c21 cm aIndeks t1. Soekarno.-- 2. Soeharto.-- 3. Habibie.-- 4. Abdurrahman Wahid.-- 5. Megawati Soekarnoputri.-- 6. Susilo Bambang Yudhoyono 4aSoekarno--d1901-1970--kEnsiklopedi--vBiografi 4aSoeharto--d1921-2008--kEnsiklopedi--vBiografi 4aSBY--d1949- 4aMegawati Soekarnoputri--d1947- 4aGusdur--d1940-2009 4aHabibie--d1936- 4aPresiden--vEnsiklopedizIndonesia-- aYOPDYOG170801s2016 yoia g bind d aTermasuk bibliografi0 aAbsul Qodir Shalehepenyunting aCB-D.11/2016-2299 a55472-PD/A.17 aCB-D.11/2016-2303 a55476-PD/A.17 a57210-PD/A.17 a57220-PD/A.17 a57240-PD/A.17 a57241-PD/A.17 aCB-D.11/2016-2470 aCB-D.11/2016-2469 aCB-D.11/2016-2468 aCB-D.11/2016-2467